000 00693nam a2200229 a 4500
001 000027145
003 DO-SdBNP
005 20230201081922.0
007 ta
008 110329s2012 dr 000 0 spa d
020 _a9789945005332
040 _aDO-SdBNP
_bspa
_cBNPHU
082 _axxxx
_bS232c
_222
100 _aSantana Marcano, Miguel Ángel,
_d1967-
_948937
245 1 0 _aConcepción filosófica sobre la teoría del alma tricótoma de Platón de Atenas. /
_cMiguel Ángel Santana Marcano.
260 _aSanto Domingo :
_bBúho,
_c2012.
300 _a91 p. ;
_c23 cm.
504 _aBibliografía : p.89-91
590 _aInventariado, 2023 / DG
910 _aDG
942 _2ddc
_cLBS1
999 _c26637
_d26637